[Event "Titled Tue 20th May Late"]
[Site "chess.com INT"]
[Date "2025.05.20"]
[Round "9"]
[White "Nguyen, Ngoc Truong Son"]
[Black "Panarin, Mikhail"]
[Result "0-1"]
[WhiteTitle "GM"]
[BlackTitle "GM"]
[WhiteElo "2632"]
[BlackElo "2562"]
[WhiteFideId "12401110"]
[BlackFideId "4153251"]
[EventDate "2025.05.20"]

1. e4 c6 2. d4 d5 3. e5 c5 4. c4 e6 5. Nf3 Nc6 6. Nc3 cxd4 7. Nxd4 Nge7 8. Nxc6
bxc6 9. Be2 Ng6 10. f4 f6 11. cxd5 exd5 12. O-O Be7 13. exf6 Bxf6 14. f5 Ne5 15.
Bh5+ g6 16. Bf4 O-O 17. fxg6 hxg6 18. Be2 Bg7 19. Kh1 Bf5 20. Na4 Qe7 21. Rc1
Rae8 22. Nc5 Kh7 23. b4 Nd7 24. Bd3 Nxc5 25. bxc5 Bxd3 26. Qxd3 Qe4 27. Qh3+ Kg8
28. Qg3 Qe6 29. h3 Rf5 30. Rce1 Qf7 31. Rxe8+ Qxe8 32. Re1 Qf7 33. Bd6 Rf1+ 34.
Kh2 Rxe1 35. Qxe1 Bf6 36. Qb4 Kg7 37. Qa4 Qd7 38. Qf4 Qe6 39. a4 d4 40. Qf3 Be5+
41. Bxe5+ Qxe5+ 42. g3 Qxc5 43. Qe4 Qd6 0-1

[Event "Titled Tue 20th May Late"]
[Site "chess.com INT"]
[Date "2025.05.20"]
[Round "9"]
[White "Yanev, Tihomir"]
[Black "Perez Rojas, Jorge"]
[Result "1-0"]
[WhiteTitle "IM"]
[BlackTitle "FM"]
[WhiteElo "2354"]
[BlackElo "2100"]
[WhiteFideId "2910110"]
[BlackFideId "3452093"]
[EventDate "2025.05.20"]

1. e4 e6 2. d4 d5 3. Nc3 Nf6 4. Bg5 Bb4 5. e5 h6 6. Bd2 Bxc3 7. bxc3 Ne4 8. Bd3
Nxd2 9. Qxd2 c5 10. Nf3 Nc6 11. O-O Qa5 12. dxc5 Qxc5 13. Rab1 O-O 14. Rb5 Qe7
15. Qe3 a6 16. Rb6 Qc7 17. Rfb1 Na5 18. Qd4 Bd7 19. Qb4 Nc6 20. Qd6 Qxd6 21.
exd6 Na5 22. Ne5 Bc6 23. c4 Rfd8 24. Nxc6 Nxc6 25. cxd5 exd5 26. Rxb7 Rxd6 27.
f4 g6 28. R1b6 Re6 29. Kf1 Nd4 30. Rxe6 Nxe6 31. f5 gxf5 32. Bxf5 Nc5 33. Rc7
Na4 34. Bd3 Kf8 35. Kf2 Nb6 36. Ke3 Nc8 37. Kd4 Ne7 38. a4 a5 39. Bb5 Nf5+ 40.
Kxd5 Ne3+ 41. Kc5 Nxc2 42. Kb6 Ne3 43. Bc6 Rd8 44. Kxa5 Rd6 45. Kb5 Nf5 46. a5
Nd4+ 47. Kc5 Rd8 48. Kb6 Ne6 49. a6 1-0

[Event "Titled Tue 20th May Late"]
[Site "chess.com INT"]
[Date "2025.05.20"]
[Round "9"]
[White "Klimakovs, Sergejs"]
[Black "Fishbein, Alexander"]
[Result "1-0"]
[WhiteTitle "FM"]
[BlackTitle "GM"]
[WhiteElo "2337"]
[BlackElo "2377"]
[WhiteFideId "11602066"]
[BlackFideId "2000377"]
[EventDate "2025.05.20"]

1. e4 c5 2. Nf3 d6 3. c4 Nf6 4. Nc3 e5 5. g3 Nc6 6. Bg2 Be7 7. O-O O-O 8. h3 h6
9. d3 Nd4 10. Nh4 Kh7 11. f4 exf4 12. gxf4 Ne8 13. Nf3 f5 14. Nxd4 cxd4 15. Nd5
Nf6 16. Nxf6+ Bxf6 17. Qh5 Qe8 18. Qxe8 Rxe8 19. Bd2 Bd7 20. Bb4 Bc6 21. exf5
Bxg2 22. Kxg2 Re3 23. Bxd6 Rxd3 24. Rf3 Rd2+ 25. Rf2 Rxf2+ 26. Kxf2 Re8 27. Rd1
Re3 28. Be5 Bh4+ 29. Kg2 d3 30. a4 Rg3+ 31. Kh2 Rf3 32. Kg2 Rf2+ 33. Kg1 d2 34.
Bc3 Rxf4 35. Rxd2 Rxf5 36. Rd7 Bf6 37. Bxf6 Rxf6 38. Rxb7 a5 39. c5 Rf4 40. b3
Rf3 41. Kg2 Rc3 42. Rb5 Kg6 43. Rxa5 Rxb3 44. Rb5 Rc3 45. a5 Kf7 46. a6 Ra3 47.
Rb7+ Ke6 48. a7 Kd5 49. Rxg7 Kxc5 50. Rh7 Kd5 51. h4 Ke5 52. Kf2 Kf5 53. Ke2 Kg4
54. Kd2 h5 55. Kc2 1-0

[Event "Titled Tue 20th May Late"]
[Site "chess.com INT"]
[Date "2025.05.20"]
[Round "9"]
[White "Bratovic, Blaz"]
[Black "Khalafvand, Dorsa Sadat"]
[Result "1-0"]
[WhiteTitle "IM"]
[BlackTitle "WCM"]
[WhiteElo "2319"]
[BlackElo "1985"]
[WhiteFideId "14603551"]
[BlackFideId "36767522"]
[EventDate "2025.05.20"]

1. e4 c6 2. d4 d5 3. e5 Bf5 4. h4 h5 5. Bd3 Bxd3 6. Qxd3 Qa5+ 7. Nd2 Qa6 8. c4
e6 9. Ngf3 Nd7 10. O-O Ne7 11. b3 Nf5 12. a4 Rd8 13. Qc3 Qb6 14. a5 Qc7 15. a6
b6 16. cxd5 exd5 17. Qc2 g6 18. Re1 Ng7 19. Nf1 Ne6 20. Ng3 Bb4 21. Bd2 Bxd2 22.
Qxd2 c5 23. dxc5 Ndxc5 24. Rac1 Qe7 25. Qe2 Nxb3 26. Qb5+ Kf8 27. Qxb3 d4 28.
Ne4 d3 29. Rcd1 Nf4 30. Nd6 Kg7 31. Re3 f6 32. Qb4 Nd5 33. Qa3 Nxe3 34. fxe3 Kh7
35. Qxd3 fxe5 36. Ng5+ Kg7 37. Qd5 Rd7 38. Ne6+ Kh7 39. Qxe5 Rhd8 40. Ng5+ Kg8
41. Qd5+ Kg7 42. Ne6+ Kh7 43. Nxd8 Qxd8 44. g3 Qe7 45. e4 Qf8 46. e5 Qe7 47. Rf1
Qd8 48. Rf7+ Kh6 49. Rxd7 Qxd7 50. e6 Qe7 51. Nf7+ Kg7 52. Qe5+ Kf8 53. Qh8# 1-0

[Event "Titled Tue 20th May Late"]
[Site "chess.com INT"]
[Date "2025.05.20"]
[Round "9"]
[White "Jedryczka, Krystian"]
[Black "Platzgummer, Fabian"]
[Result "0-1"]
[BlackTitle "IM"]
[WhiteElo "2084"]
[BlackElo "2295"]
[WhiteFideId "1109472"]
[BlackFideId "1617222"]
[EventDate "2025.05.20"]

1. e4 c6 2. d4 b5 3. a4 Bb7 4. Nf3 b4 5. Bd3 g6 6. O-O Bg7 7. c4 c5 8. d5 d6 9.
a5 Nf6 10. h3 O-O 11. Bf4 Nfd7 12. Ra2 Ne5 13. Nxe5 dxe5 14. Be3 Qc7 15. Nd2 f5
16. f3 f4 17. Bf2 a6 18. Nb3 Nd7 19. Kh2 g5 20. Rh1 h5 21. Kg1 h4 22. Kf1 Rfc8
23. Ke2 Qd6 24. Ra1 Rc7 25. Qe1 Rac8 26. Rg1 Nf6 27. Ra4 Nd7 28. Nd2 Rb8 29. b3
Bc8 30. Nf1 Nf6 31. Nh2 Bd7 32. Ra2 e6 33. Ng4 Nh5 34. Kd2 Rd8 35. Bxh4 gxh4 36.
Qxh4 Ng3 37. Qxd8+ Kf7 38. Qg5 exd5 39. exd5 e4 40. fxe4 Bc3+ 41. Kc2 Kf8 42.
Nh6 Bg7 43. Nf5 Bxf5 44. Qxf5+ Nxf5 45. exf5 Qe5 46. Rd1 Qc3+ 47. Kb1 Qxb3+ 48.
Kc1 Qxa2 49. d6 Qb2# 0-1

[Event "Titled Tue 20th May Late"]
[Site "chess.com INT"]
[Date "2025.05.20"]
[Round "9"]
[White "Avramidou, Anastasia"]
[Black "Serban, Cristian-Stefan"]
[Result "1/2-1/2"]
[WhiteTitle "FM"]
[BlackTitle "FM"]
[WhiteElo "2294"]
[BlackElo "2332"]
[WhiteFideId "4239873"]
[BlackFideId "1241443"]
[EventDate "2025.05.20"]

1. Nf3 d5 2. d4 Nf6 3. c4 e6 4. Nc3 Bb4 5. g3 dxc4 6. Bg2 Nc6 7. O-O Rb8 8. Qa4
Bxc3 9. bxc3 b5 10. Qc2 O-O 11. Rd1 Bb7 12. Rb1 a6 13. e4 Ne7 14. Ne1 Ng6 15.
Bg5 h6 16. Be3 Qe7 17. h3 Rfd8 18. f4 Nd7 19. Bf2 c5 20. a4 Ba8 21. axb5 axb5
22. f5 exf5 23. exf5 Bxg2 24. Nxg2 Ngf8 25. dxc5 Nxc5 26. f6 gxf6 27. Rxd8 Rxd8
28. Rxb5 Qe4 29. Qxe4 Nxe4 30. Bd4 Ne6 31. Ne3 Nxd4 32. cxd4 Rxd4 33. Rb8+ Kh7
34. Rc8 Rd3 35. Nxc4 Rxg3+ 36. Kh2 Rc3 37. Nd6 Rxc8 38. Nxc8 f5 39. Nb6 Kg6 40.
Nd5 Kg5 41. Kg2 h5 42. Kf3 f6 43. Ne7 h4 44. Nd5 Nd6 45. Ne7 Nc4 46. Nd5 Ne5+
47. Ke3 Nc4+ 48. Kf3 Nd2+ 49. Ke3 Nc4+ 50. Kf3 1/2-1/2

[Event "Titled Tue 20th May Late"]
[Site "chess.com INT"]
[Date "2025.05.20"]
[Round "9"]
[White "Gubajdullin, Alexei"]
[Black "Yilmaz, Baver"]
[Result "0-1"]
[WhiteTitle "FM"]
[BlackTitle "FM"]
[WhiteElo "2227"]
[BlackElo "2233"]
[WhiteFideId "4141202"]
[BlackFideId "26363542"]
[EventDate "2025.05.20"]

1. Nf3 Nf6 2. g3 g6 3. Bg2 Bg7 4. O-O O-O 5. d3 d5 6. Nbd2 c5 7. e4 Nc6 8. c3 e6
9. a4 b6 10. Re1 Bb7 11. Qe2 Qd7 12. Nf1 a5 13. e5 Ng4 14. Bf4 Nh6 15. h3 Rae8
16. g4 Kh8 17. Ng3 Ng8 18. h4 f6 19. h5 g5 20. Bd2 h6 21. d4 fxe5 22. Nxe5 Nxe5
23. dxe5 Rf7 24. Qb5 Qc7 25. Qxe8 Bc8 26. Qb5 c4 27. Be3 Qxe5 28. Qxb6 Qf6 29.
Bd4 Qf4 30. Bxg7+ Rxg7 31. Qd4 Qf8 32. Re5 Kh7 33. Rae1 Qf7 34. Qc5 Bd7 35. Qd6
Nf6 36. Rxe6 Bxe6 37. Rxe6 Nxg4 38. f3 Qa7+ 39. Kh1 Nf2+ 40. Kh2 Qc7 41. Rxh6+
Kg8 42. Qe6+ Qf7 43. Qc8+ Qf8 44. Rh8+ Kxh8 45. Qxf8+ Kh7 46. Qf5+ Kg8 47. Qxd5+
Kh7 48. Nf5 Ra7 49. Qe6 Nd3 50. Qg6+ Kh8 51. Nh6 Rg7 52. Qf6 Nf4 0-1

[Event "Titled Tue 20th May Late"]
[Site "chess.com INT"]
[Date "2025.05.20"]
[Round "9"]
[White "Myagmarsuren, Evsuld"]
[Black "Zilberstein, Dmitry"]
[Result "1-0"]
[WhiteTitle "FM"]
[BlackTitle "IM"]
[WhiteElo "2292"]
[BlackElo "2358"]
[WhiteFideId "1551639"]
[BlackFideId "2010739"]
[EventDate "2025.05.20"]

1. e4 d6 2. d4 Nf6 3. Nc3 g6 4. Bg5 Bg7 5. Qd2 a6 6. f4 b5 7. Bd3 Bb7 8. e5 b4
9. exf6 bxc3 10. Qe2 Bf8 11. bxc3 h6 12. fxe7 Bxe7 13. Bf6 Rg8 14. Nf3 Kf8 15.
Bxe7+ Qxe7 16. Qxe7+ Kxe7 17. Kf2 Nd7 18. Rab1 Nb6 19. c4 Rab8 20. Rhe1+ Kf6 21.
c5 dxc5 22. dxc5 Nd7 23. Rxb7 Rxb7 24. c6 Rb4 25. cxd7 Rd8 26. Ne5 Rxf4+ 27. Kg3
g5 28. Ng4+ Kg7 29. Ne5 Kf6 30. Bxa6 Rf5 31. Ng4+ Kg7 32. Bc8 Kf8 33. Nxh6 Rf6
34. Ng4 Rc6 35. Re2 Rc3+ 36. Kf2 Rc6 37. h3 f6 38. g3 Kf7 39. h4 gxh4 40. gxh4
Rc4 41. Kg3 Rg8 42. Kf3 Rcxg4 43. d8=Q Rg3+ 44. Kf4 Rxd8 45. Be6+ Kf8 46. Kxg3
Rd4 47. Bf5 Rd5 48. Bd3 Rc5 49. Rf2 Kg7 50. Rf5 Rc6 51. h5 Kh6 52. a4 Rb6 53. a5
Rb1 54. a6 Ra1 55. Rf1 Kg5 56. Rxa1 1-0

[Event "Titled Tue 20th May Late"]
[Site "chess.com INT"]
[Date "2025.05.20"]
[Round "9"]
[White "Deac, Bogdan-Daniel"]
[Black "Carlsen, Magnus"]
[Result "0-1"]
[WhiteTitle "GM"]
[BlackTitle "GM"]
[WhiteElo "2668"]
[BlackElo "2837"]
[WhiteFideId "1226380"]
[BlackFideId "1503014"]
[EventDate "2025.05.20"]

1. d4 Nf6 2. c4 e6 3. Nc3 Bb4 4. Qc2 d6 5. e3 O-O 6. Bd3 c5 7. Ne2 Nc6 8. O-O h6
9. Rd1 Qe7 10. Ne4 Rd8 11. a3 Ba5 12. dxc5 dxc5 13. Nxf6+ Qxf6 14. Bh7+ Kf8 15.
Rxd8+ Qxd8 16. Be4 Bd7 17. b3 Qe7 18. Bb2 Rd8 19. Rd1 Be8 20. f4 Bc7 21. g3 f6
22. Kf2 b6 23. Rxd8 Qxd8 24. Qd3 Qc8 25. Qc3 Ne7 26. Bf3 Nf5 27. Qd3 Bg6 28. Qd2
Nd6 29. Nc3 Qd7 30. Kg2 Ke7 31. Qd1 a6 32. Kf1 b5 33. cxb5 axb5 34. Kg2 Bb6 35.
Bc1 c4 36. b4 Bd3 37. a4 bxa4 38. Nxa4 Qb5 39. Nxb6 Qxb6 40. Bd2 Ne4 41. Be1
Qxe3 42. b5 Kf7 43. b6 Qxb6 44. Qa4 Qb2+ 45. Kg1 Qc1 46. Qd7+ Kg6 47. Qe8+ Kh7
48. Bxe4+ Bxe4 0-1

[Event "Titled Tue 20th May Late"]
[Site "chess.com INT"]
[Date "2025.05.20"]
[Round "9"]
[White "Erece, Ece Alkim"]
[Black "Midonet, Matthieu"]
[Result "0-1"]
[WhiteTitle "WCM"]
[BlackTitle "CM"]
[WhiteElo "1843"]
[BlackElo "2224"]
[WhiteFideId "6346006"]
[BlackFideId "26080575"]
[EventDate "2025.05.20"]

1. e4 c5 2. Nf3 Nc6 3. c3 e6 4. d4 d5 5. exd5 exd5 6. Bd3 Bd6 7. O-O Nge7 8.
dxc5 Bxc5 9. Nbd2 O-O 10. h3 Bb6 11. Nb3 Qd6 12. Nbd4 Re8 13. Re1 Nxd4 14. Nxd4
Bxd4 15. cxd4 Be6 16. Qb3 Nc6 17. Be3 Na5 18. Qa4 Nc4 19. Bxc4 dxc4 20. Rad1 a6
21. Qc2 Bd5 22. Qf5 Qc6 23. Qg5 b5 24. Bf4 b4 25. Qg3 c3 26. bxc3 bxc3 27. Re5
f6 28. Rxe8+ Rxe8 29. Rc1 c2 30. Bh6 Re7 31. Bf4 Bxa2 32. Qd3 Bb1 33. d5 Qb5 34.
Qd2 Re2 35. Qd4 Qe8 36. d6 Re1+ 37. Kh2 Rxc1 38. Bxc1 Qd7 39. Bf4 Kf7 40. Bg3
c1=Q 41. Qd5+ Kg6 42. h4 h5 43. f3 Qcc6 44. Qd4 Bf5 45. Qf4 Qd5 46. Qe3 Q7e6 47.
Qc1 Kh7 48. Qc7 Qd7 49. Qc3 Q5e6 50. Qc5 Bg6 51. Qb6 Qc4 52. Qb8 Qcb5 53. Qa8 a5
54. Qa7 Qxa7 0-1

[Event "Titled Tue 20th May Late"]
[Site "chess.com INT"]
[Date "2025.05.20"]
[Round "9"]
[White "Karthikeyan, Murali"]
[Black "Shubenkova, Veronika"]
[Result "1-0"]
[WhiteTitle "GM"]
[BlackTitle "WFM"]
[WhiteElo "2658"]
[BlackElo "2024"]
[WhiteFideId "5074452"]
[BlackFideId "44124040"]
[EventDate "2025.05.20"]

1. b4 Nf6 2. Bb2 c6 3. Nf3 d6 4. d4 d5 5. e3 e6 6. a3 Bd6 7. c4 Ne4 8. Nbd2 f5
9. Ne5 O-O 10. Bd3 Nd7 11. O-O Qf6 12. f4 Qh6 13. b5 Ndf6 14. h3 Bd7 15. Rc1
Bxe5 16. dxe5 Nxd2 17. Qxd2 Ne4 18. Bxe4 fxe4 19. Bd4 Rf7 20. cxd5 cxd5 21. a4
Qh4 22. Rc7 Be8 23. Rfc1 Qd8 24. Rxf7 Kxf7 25. Qb4 Rc8 26. Rxc8 Qxc8 27. Bxa7
Qc7 28. Bd4 Bd7 29. Qd6 Qxd6 30. exd6 g6 31. Kf2 Ke8 32. Ke1 Kd8 33. Kd2 Kc8 34.
Kc3 Be8 35. Kb4 Kd7 36. Kc5 h5 37. Kb6 Kc8 38. a5 Bd7 39. h4 Kb8 40. g3 Be8 41.
a6 Bd7 42. axb7 Be8 43. d7 1-0

[Event "Titled Tue 20th May Late"]
[Site "chess.com INT"]
[Date "2025.05.20"]
[Round "9"]
[White "Kracht, Raphael"]
[Black "Tkachenko, Erik"]
[Result "1-0"]
[WhiteTitle "CM"]
[WhiteElo "2194"]
[BlackElo "2028"]
[WhiteFideId "16214382"]
[BlackFideId "30902967"]
[EventDate "2025.05.20"]

1. d4 Nf6 2. Bg5 d5 3. Bxf6 exf6 4. e3 Bd6 5. c4 dxc4 6. Bxc4 Qe7 7. Nc3 c6 8.
Nge2 b5 9. Bd3 O-O 10. Qc2 g6 11. h4 Na6 12. a3 b4 13. Ne4 bxa3 14. bxa3 c5 15.
h5 cxd4 16. hxg6 hxg6 17. Nxd6 Qxd6 18. Bxg6 dxe3 19. Qe4 Rd8 20. Rh8+ Kg7 21.
Rh7+ Kg8 22. Bxf7+ Kf8 23. Bd5 exf2+ 24. Kf1 Qe5 25. Rf7+ Ke8 26. Bc6+ Kxf7 27.
Qxe5 fxe5 28. Bxa8 Bg4 29. Bb7 Nc5 30. Bc6 Rd2 31. Bb5 a6 32. Bc4+ Kf6 33. Kxf2
Ne4+ 34. Ke3 Bf5 35. Rf1 Rb2 36. Bd3 Nd6 37. g4 e4 38. Bxa6 Rb3+ 39. Kd4 Nb5+
40. Bxb5 Rxb5 41. Rxf5+ Rxf5 42. gxf5 e3 43. Kxe3 Kxf5 44. Kd4 Ke6 45. Kc5 Kd7
46. Kb6 Kc8 47. Ka7 Kc7 48. a4 Kc6 49. a5 Kb5 50. a6 Kc6 51. Kb8 Kd5 52. a7 Ke4
53. a8=Q+ Ke3 54. Nd4 Kxd4 55. Qa4+ Kc5 56. Kc7 Kd5 57. Qb4 Ke5 58. Qc4 Kf5 59.
Qd4 Kg5 60. Qe4 Kf6 61. Qd5 Ke7 62. Qe5+ Kf7 63. Kd7 Kg6 64. Qf4 Kg7 65. Qf5 Kh6
66. Qg4 Kh7 67. Ke7 Kh6 68. Kf7 Kh7 69. Qh4# 1-0

[Event "Titled Tue 20th May Late"]
[Site "chess.com INT"]
[Date "2025.05.20"]
[Round "9"]
[White "Smirnova, Ekaterina"]
[Black "Albores, Pablo"]
[Result "1-0"]
[WhiteTitle "WIM"]
[BlackTitle "CM"]
[WhiteElo "2096"]
[BlackElo "2220"]
[WhiteFideId "4110943"]
[BlackFideId "105546"]
[EventDate "2025.05.20"]

1. d4 g6 2. c4 Bg7 3. e4 d6 4. Nc3 Nd7 5. Nf3 e5 6. Bg5 f6 7. Be3 Nh6 8. h3 Nf7
9. Be2 O-O 10. O-O c6 11. Qd2 Qe7 12. Rad1 Re8 13. b4 Nf8 14. c5 dxc5 15. bxc5
exd4 16. Bxd4 Ne6 17. Be3 Rd8 18. Qc2 Bd7 19. e5 fxe5 20. Ne4 Nd4 21. Nxd4 exd4
22. Bf4 Bf5 23. Bd3 Ne5 24. Bg5 Qe6 25. Bxd8 Rxd8 26. Ng5 Qf6 27. Bxf5 Qxg5 28.
Be4 Qf4 29. Rfe1 Rf8 30. f3 Qg3 31. Qf2 Qxf2+ 32. Kxf2 Nc4 33. Ke2 Re8 34. Rb1
d3+ 35. Kxd3 Nb2+ 36. Kc2 Na4 37. Rxb7 Nxc5 38. Rc7 Rb8 39. Rb1 Rxb1 40. Kxb1
Ne6 41. Rxc6 Nd4 42. Ra6 Nb5 43. Ra5 Nc3+ 44. Kc2 Nxe4 45. fxe4 Bd4 46. Kd3 Bb6
47. Rd5 Kf7 48. Rd7+ Ke6 49. Rxh7 g5 50. g3 Kf6 51. h4 g4 52. h5 Kg5 53. e5 Bf2
54. Ke4 Bxg3 55. e6 Bd6 56. e7 Bxe7 57. Rxe7 Kxh5 58. Rxa7 g3 59. Rg7 Kh4 60.
Kf3 1-0

[Event "Titled Tue 20th May Late"]
[Site "chess.com INT"]
[Date "2025.05.20"]
[Round "9"]
[White "Rostomyan, Mikayel"]
[Black "Mizzi, Jack"]
[Result "0-1"]
[WhiteTitle "FM"]
[BlackTitle "CM"]
[WhiteElo "2325"]
[BlackElo "2086"]
[WhiteFideId "13313754"]
[BlackFideId "5602521"]
[EventDate "2025.05.20"]

1. d4 Nf6 2. c4 e6 3. Nf3 d5 4. Nc3 b6 5. a3 Bb7 6. Bf4 Be7 7. e3 Ne4 8. Nxe4
dxe4 9. Nd2 c5 10. dxc5 Bxc5 11. Qc2 f5 12. O-O-O Qc8 13. Nb3 O-O 14. Be2 Nd7
15. Qc3 a5 16. g4 a4 17. Nxc5 Nxc5 18. gxf5 exf5 19. Rhg1 Rf7 20. Bh5 Rd7 21.
Be5 Rxd1+ 22. Kxd1 Qd7+ 23. Kc2 Qd3+ 24. Qxd3 exd3+ 25. Kc3 g6 26. Bd1 Ne4+ 27.
Kxd3 Nxf2+ 28. Kc3 Ne4+ 29. Kb4 Bc6 30. Bd4 Ra6 31. h4 Kf7 32. h5 Nf2 33. hxg6+
hxg6 34. Be2 Ne4 35. Rh1 Ng3 36. Rh7+ Ke6 37. Bd3 Be4 38. Bxe4 Nxe4 39. Kb5 Ra8
40. Kxb6 Rb8+ 41. Ka6 Ra8+ 42. Kb7 Rd8 43. c5 f4 44. c6 f3 45. c7 Nd6+ 46. Kc6
Rf8 47. Rh1 f2 48. Rf1 Ne4 49. Kb7 g5 50. c8=Q+ Rxc8 51. Kxc8 g4 0-1

[Event "Titled Tue 20th May Late"]
[Site "chess.com INT"]
[Date "2025.05.20"]
[Round "9"]
[White "Buchenau, Frank"]
[Black "Harriott, Tyrell"]
[Result "1-0"]
[WhiteTitle "FM"]
[WhiteElo "2190"]
[BlackElo "1924"]
[WhiteFideId "4604350"]
[BlackFideId "2086484"]
[EventDate "2025.05.20"]

1. e4 d6 2. d4 Nf6 3. Nc3 Nbd7 4. f4 e5 5. Nf3 exd4 6. Qxd4 c6 7. Be3 d5 8. exd5
Bc5 9. Qd3 Qe7 10. Kd2 O-O 11. Re1 Rd8 12. Bd4 Qf8 13. Kc1 Ng4 14. Ne4 cxd5 15.
Nxc5 Nxc5 16. Qa3 b6 17. h3 Nh6 18. g4 Bb7 19. Bd3 Ne4 20. Qxf8+ Kxf8 21. Ng5
Kg8 22. c3 f5 23. Ne6 Rd7 24. Rhg1 g6 25. Bc2 Re7 26. Ng5 Nf7 27. Nxf7 Kxf7 28.
gxf5 gxf5 29. Rg7+ Ke6 30. Rxe7+ Kxe7 31. Rg1 Rf8 32. Bb3 Rf7 33. Rg8 Kd6 34.
Rb8 Kc7 35. Rh8 Kc6 36. Ba4+ b5 37. Bd1 a6 38. Bh5 Rd7 39. Rf8 Re7 40. Rxf5 Nd6
41. Rf6 Kd7 42. Be5 Nc4 43. Bg4+ Ke8 44. Rh6 Nxe5 45. fxe5 d4 46. cxd4 Bd5 47.
b3 Kf8 48. Kd2 Kg7 49. Rf6 Kg8 50. Ke3 Kg7 51. Bf5 Rc7 52. Be4 Bf7 53. Rf2 Rc3+
54. Kd2 Rxh3 55. d5 Kf8 56. e6 Ke7 57. Rxf7+ Kd6 58. Rd7+ Ke5 59. e7 1-0

[Event "Titled Tue 20th May Late"]
[Site "chess.com INT"]
[Date "2025.05.20"]
[Round "9"]
[White "Dubnevych, Maksym"]
[Black "Piddubna, Bozhena"]
[Result "1-0"]
[WhiteTitle "FM"]
[BlackTitle "WFM"]
[WhiteElo "2292"]
[BlackElo "2174"]
[WhiteFideId "14184001"]
[BlackFideId "34109293"]
[EventDate "2025.05.20"]

1. Nc3 Nf6 2. e4 e5 3. d4 exd4 4. Qxd4 Nc6 5. Qd3 Bb4 6. Bd2 d6 7. O-O-O O-O 8.
a3 Ba5 9. f4 Re8 10. Re1 a6 11. Nf3 b5 12. Nd5 Bxd2+ 13. Nxd2 Nxd5 14. Qxd5 Bb7
15. Bd3 Na5 16. Qh5 g6 17. Qg5 Qxg5 18. fxg5 c5 19. c3 Re7 20. Rhf1 Rae8 21. Rd1
d5 22. exd5 Bxd5 23. Rf6 Re6 24. g3 Nb3+ 25. Kc2 c4 26. Bf1 Nxd2 27. Rxd2 Be4+
28. Kc1 Bf5 29. Rd1 h6 30. Rxe6 Rxe6 31. gxh6 Kh7 32. h3 Kxh6 33. g4 Be4 34. Re1
Bd5 35. Rxe6 Bxe6 36. Bg2 Bc8 37. Kd2 Kg5 38. Ke3 Kh4 39. Kf4 f5 40. g5 Bd7 41.
Bd5 a5 42. Bf7 Kh5 43. a4 bxa4 44. Bxc4 Bc6 45. Bf7 Bd7 46. h4 Bc6 47. Kg3 Bd7
48. Bd5 Be8 49. c4 f4+ 50. Kxf4 Kxh4 51. Bb7 Bd7 52. c5 Be6 53. c6 a3 54. bxa3
a4 55. c7 Kh5 56. c8=Q Bxc8 57. Bxc8 Kh4 58. Bd7 1-0

[Event "Titled Tue 20th May Late"]
[Site "chess.com INT"]
[Date "2025.05.20"]
[Round "9"]
[White "Kahre, Kim"]
[Black "Bustelo, Tabare"]
[Result "0-1"]
[BlackTitle "CM"]
[WhiteElo "2119"]
[BlackElo "2043"]
[WhiteFideId "518816"]
[BlackFideId "3000362"]
[EventDate "2025.05.20"]

1. d4 Nf6 2. Nf3 c5 3. c3 d6 4. Bf4 b6 5. e3 Bb7 6. h3 g6 7. Be2 Bg7 8. O-O O-O
9. Nfd2 Nbd7 10. Bf3 Bxf3 11. Nxf3 Nh5 12. Bh2 f5 13. Nbd2 e5 14. dxe5 dxe5 15.
Nc4 e4 16. Nfe5 Nxe5 17. Bxe5 Qxd1 18. Rfxd1 Rad8 19. Bxg7 Nxg7 20. Kf1 b5 21.
Na5 a6 22. c4 b4 23. Ke2 Ne6 24. Nc6 Rxd1 25. Rxd1 Kf7 26. Rd7+ Kf6 27. Rxh7 Ng7
28. Ne5 Re8 29. Nd7+ Kf7 30. Nxc5 Rc8 31. Nb7 Rc7 32. Nd8+ Kf6 33. b3 a5 34. Rh8
a4 35. g3 a3 36. h4 Rxc4 37. bxc4 b3 38. Rf8+ Ke5 39. Re8+ Nxe8 40. axb3 a2 41.
Nc6+ Kd6 42. Nb4 a1=Q 43. Nd5 Qb2+ 44. Kf1 Qxb3 45. Kg2 Qxc4 46. Nf4 Qf7 47. Kf1
Nf6 48. Kg2 Ng4 49. f3 Ne5 50. fxe4 fxe4 51. Kh3 Qf5+ 52. Kg2 Qg4 53. Nxg6 Qxg6
54. h5 Qg4 55. h6 Qf3+ 56. Kh2 Ng4+ 57. Kh3 Nxh6 58. Kh4 Qg4# 0-1

[Event "Titled Tue 20th May Late"]
[Site "chess.com INT"]
[Date "2025.05.20"]
[Round "9"]
[White "Medina Paz, Miguel"]
[Black "Wu, Derek"]
[Result "0-1"]
[WhiteTitle "IM"]
[BlackTitle "FM"]
[WhiteElo "2368"]
[BlackElo "2232"]
[WhiteFideId "7300379"]
[BlackFideId "30914558"]
[EventDate "2025.05.20"]

1. d4 Nf6 2. c4 e6 3. Nf3 d5 4. Nc3 Be7 5. Bg5 h6 6. Bf4 O-O 7. e3 b6 8. cxd5
Nxd5 9. Nxd5 exd5 10. Bd3 c5 11. Rc1 Nc6 12. Ne5 Nb4 13. Bb1 cxd4 14. exd4 Bg5
15. Bxg5 Qxg5 16. O-O Ba6 17. a3 Bxf1 18. Qxf1 Rac8 19. f4 Qe7 20. axb4 Qxb4 21.
Rd1 Qxb2 22. Qd3 f5 23. Nd7 Rc3 24. Qf1 Rf7 25. Ne5 Rf8 26. Nd7 Rfc8 27. Bxf5
Rc1 28. Nf6+ gxf6 29. Bxc8 Rxc8 30. Qd3 Kg7 31. Qg3+ Kf7 32. Qh3 Rc7 33. Qh5+
Kg8 34. Qe8+ Kg7 35. Qh5 Qc2 36. Re1 Qd3 37. Qg4+ Kh7 38. f5 Rg7 39. Qe2 Qxd4+
40. Kh1 Qg4 41. Qf2 Qg5 42. h4 Qg4 43. Re6 Qg3 44. Qxg3 Rxg3 45. Rxf6 Rd3 46.
Rd6 Kg7 47. Rd7+ Kf6 48. Rxa7 Kxf5 49. Rb7 Rb3 50. Kg1 d4 51. Kf2 Ke4 52. Re7+
Kd3 53. Re6 Kc2 54. Ke1 d3 55. Rc6+ Rc3 56. Rxc3+ Kxc3 57. Kd1 b5 58. g4 b4 59.
g5 hxg5 60. h5 b3 61. Kc1 b2+ 62. Kb1 d2 0-1

[Event "Titled Tue 20th May Late"]
[Site "chess.com INT"]
[Date "2025.05.20"]
[Round "9"]
[White "Brozynski, Patryk"]
[Black "Mekhitarian, Krikor Sevag"]
[Result "1-0"]
[BlackTitle "GM"]
[WhiteElo "2219"]
[BlackElo "2564"]
[WhiteFideId "2512700"]
[BlackFideId "2107660"]
[EventDate "2025.05.20"]

1. e4 c5 2. Nf3 Nc6 3. d4 cxd4 4. Nxd4 Nf6 5. Nc3 e5 6. Ndb5 d6 7. Bg5 a6 8. Na3
b5 9. Bxf6 gxf6 10. Nd5 Bg7 11. c3 f5 12. exf5 Bxf5 13. Nc2 O-O 14. Nce3 Be6 15.
Bd3 f5 16. O-O Kh8 17. Qh5 e4 18. Bc2 Ne7 19. Rad1 Ng6 20. f4 a5 21. Kh1 Ra7 22.
g4 Qh4 23. Qxh4 Nxh4 24. gxf5 Nxf5 25. Bxe4 Nxe3 26. Nxe3 Bxa2 27. Rxd6 b4 28.
Bd5 b3 29. f5 a4 30. f6 Bh6 31. Ng4 Bg5 32. Ne5 a3 33. bxa3 Bd2 34. Nf7+ Raxf7
35. Bxf7 Bxc3 36. Rd3 Bxf6 37. Bxb3 Bxb3 38. Rxb3 Kg7 39. Rg3+ Kh6 40. Rf4 Rf7
41. Rgf3 Kg5 42. a4 Ra7 43. Rf5+ Kg4 44. R5f4+ Kg5 45. Rxf6 Rxa4 46. Rf1 Rb4 47.
R6f2 h5 48. Rg1+ Kh6 49. Rf6+ Kh7 50. Rc6 Re4 51. Ra1 Re7 52. Rca6 Re4 53. Rb6
Re7 54. Kg2 Rc7 55. Ra2 Rd7 56. Ra3 Re7 57. Kg3 Rd7 58. h3 Rd4 59. Ra7+ 1-0